000 00590nam a2200229Ia 4500
003 OSt
005 20221006163917.0
006 a|||||r|||| 00| 0
007 ta
008 221006b |||||||| |||| 00| 0 eng d
024 _a3,012
037 _cTextual
040 _aFML
_cFML
_beng
041 _2eng
_aeng
082 _aNS44792, P4
100 _aSingh R K Singhajet Au.
_9676179
245 0 _aManipuri
260 _aNew Delhi
_bWisdom Tree
_c2004
300 _a94
_ccm.
942 _hNS44792, P4
_cTEXL
_2CC
999 _c1115702
_d1115702